000 01134nam a2200265Ia 4500
003 OSt
005 20220923211242.0
006 a|||||r|||| 00| 0
007 ta
008 220922b |||||||| |||| 00| 0 hin d
020 _a9788176753210 (hbk)
_c595
024 _a263,643
037 _b1865, 16/07/2012, Kiran Book Service
_cTextual
040 _aARTS
_cARTS
_bhin
041 _2hin
_ahin
082 _aY5927.2, 152Q1
100 _aदीपक कुमार, संपा.
_9156315
245 0 _aहाशिये का वृत्तांत* स्त्री, दलित और आदिवासी समाज का वैकल्पिक इतिहास
246 _aHāshiye kā vṛuttāanta: strī, dalit aur ādivāsī samāj kā vaikalpik itihāsa
260 _aपंचकूला
_b आधार प्रकाशन
_c2011
300 _a444पृ.
_ccm.
650 _aभारतीय-लोक साहित्य
942 _hY5927.2, 152Q1
_cTEXL
_2CC
999 _c297713
_d297713